Multiple Choice City Quiz – Osaka - Statistics

General Stats
  • This quiz has been taken 170 times
  • The average score is 7 of 10
Answer Stats
Question Answer % Correct
What activity is Dotonbori district in Osaka known for? Nightlife
81%
Osaka is famous for its takoyaki. What is takoyaki? Battered octopus balls
79%
Which of Japan's main islands is Osaka situated on? Honshu
77%
What alcoholic beverage is Osaka well-known for? Sake
70%
What is the most popular sport in Osaka? Baseball
64%
Which of these is a nickname of Osaka? The Nation's Kitchen
61%
What is Osaka's main business district called? Umeda
61%
Which major theme park is located in Osaka? Universal Studios Japan
57%
Osaka Castle is famous for its enormous stone walls, constructed without using any mortar at all. What other defensive feature was it known for? Two wide moats
53%
Which festival does Osaka celebrate each July with a massive fireworks display? Tenjin Matsuri
51%
No matching quizzes found
Score Distribution
Percent of People with Each Score
Percentile by Number Answered
Your Score History
You have not taken this quiz